[Event "7th Uppsala Young Champions"]
[Site "Uppsala"]
[Date "2020.10.28"]
[Round "8.5"]
[White "Falkevall, Axel"]
[Black "Kusa, Jakub"]
[Result "0-1"]
[WhiteElo "2121"]
[BlackElo "2233"]
[Annotator "TA"]
[PlyCount "106"]
[EventDate "2020.10.23"]
[EventType "swiss"]
[EventCountry "SWE"]
[SourceTitle "playchess.com"]
[Source "ChessBase"]
[SourceQuality "1"]

{[%evp 21,106,0,11,0,8,-24,-22,-20,-20,-76,-83,-95,-40,-76,-73,-83,-75,-162,-155,-175,-172,-155,-149,-197,-184,-232,-211,-231,-225,-240,-252,-267,-265,-264,-245,-231,-240,-223,-231,-239,-222,-246,-239,-335,-338,-333,-340,-324,-334,-507,-384,-1433,-1444,-1164,-872,-792,-881,-832,-805,-6370,-6139,-29988,-1830,-1663,-1688,-1254,-997,-4706,-4119,-1779,-589,-4818,-4774,-5616,-4722,-29942,-10845,-29970,-29971,-29973,-29968,-29968,-29969,-29964,-10925,-29971,-29970]} 1. e4 e5 2. Nf3 Nc6 3. Bb5 a6 4. Ba4 Nf6 5. O-O Nxe4 6. d4 b5 7. Bb3 d5 8. dxe5 Be6 9. Be3 Be7 10. c3 O-O 11. Nbd2 Bg4 12. Bf4 {C83: Open Ruy Lopez: 9 c3 Be7.} Nc5 13. h3 Bh5 14. Bc2 {The position is equal.} d4 15. g4 (15. Nb3 $11) 15... Bg6 $17 16. Bxg6 hxg6 (16... fxg6 $17 17. Nxd4 Nxd4 18. cxd4 Qxd4) 17. cxd4 Nxd4 {Black continues to play with concentration.} 18. Be3 Nde6 $1 19. Nb1 (19. Nb3 $17 {might work better.}) 19... Nd3 $19 20. Nc3 Nxb2 21. Qe2 Nc4 22. Rfd1 Qe8 23. a4 c6 24. Ne4 Qb8 25. Rd7 Re8 26. axb5 cxb5 27. Rad1 Nxe5 28. Nxe5 Qxe5 29. Qf3 Rad8 30. R1d5 {Rxd8 is the strong threat.} Qb8 ({Not} 30... Qxd5 31. Rxd5 Rxd5 32. Nf6+ $1 {[%mdl 512]} Bxf6 33. Qxd5 $15) 31. Nd6 {[#]} Rf8 $1 ({And not} 31... Rxd7 32. Qxf7+ Kh8 {[#]} 33. Rh5+ $1 {[%mdl 512]} gxh5 34. Qxh5+ Kg8 35. Qf7+ Kh8 36. Qh5+ Kg8 37. Qf7+ Kh8 38. Qh5+ $11) 32. Nb7 (32. Rxe7 {keeps fighting.} Rxd6 33. Rxd6 Qxd6 34. Rb7) 32... Rxd7 33. Rxd7 Bb4 34. Qd5 Qc8 35. f4 (35. Kf1 $142) 35... Qc3 36. Qe4 $2 (36. Qd2 Qxd2 37. Bxd2 Bxd2 38. Rxd2) 36... Qe1+ 37. Kg2 {[#]} Nc5 $1 {[%mdl 512]} 38. Nxc5 Bxc5 {[%mdl 64] Pin} 39. Rd3 Qe2+ 40. Kg1 Rc8 41. f5 Bxe3+ (41... Bb6 $142 42. Qg2 Rc1+ 43. Kh2 Bc7+ 44. Bf4 Bxf4+ 45. Rg3 Qe1 {[%mdl 64] Pin} 46. h4 Bxg3+ 47. Kh3 Rc3 48. g5 Be5+ 49. Kg4 Qg3+ 50. Qxg3 Rxg3#) 42. Qxe3 Qxe3+ 43. Rxe3 gxf5 44. gxf5 {[%mdl 4096] Endgame KR-KR} b4 45. Kf2 Rc5 (45... Rb8 $142 {And now ...b3 would win.} 46. Rb3 a5) 46. Rf3 a5 {[%cal Ba6a5,Ba5a4,Ba4a3][%mdl 32]} 47. Ke2 a4 48. Rf4 Rb5 49. Kd2 b3 50. Kc1 a3 51. Kb1 Re5 {[%cal Re5e1]} 52. Rf1 Re2 (52... Kf8 $142 53. Ka1 Ke7 54. h4 Re3 55. h5 Kf6 56. Kb1 Rh3 57. Rd1 Kxf5 58. Re1 Rxh5 59. Ka1 Kf4 60. Kb1 b2 61. Rf1+ Ke3 62. Ka2 Rc5 63. Re1+ Kd2 64. Rg1 Rc1 65. Rg2+ Kc3 66. Rg3+ Kd4 67. Rg4+ Kc5 68. Rg5+ Kc6 69. Kxa3 b1=Q 70. Rg3 Rc4 71. Rf3 Qb4+ 72. Ka2 Rc2+ 73. Ka1 Qe1#) 53. Rg1 Rf2 {Av CentiPawn Loss W=-164/B=-153. Weighted=-184/-148} 0-1

[Event "7th Uppsala Young Champions"]
[Site "Uppsala"]
[Date "2020.10.28"]
[Round "8.6"]
[White "Kucuksari, Kaan"]
[Black "Nemec, Jachym"]
[Result "1-0"]
[WhiteElo "2384"]
[BlackElo "2246"]
[Annotator "TA"]
[PlyCount "63"]
[EventDate "2020.10.23"]
[EventType "swiss"]
[EventCountry "SWE"]
[SourceTitle "playchess.com"]
[Source "ChessBase"]
[SourceQuality "1"]

{[%evp 13,63,30,30,0,61,66,60,61,60,58,62,61,62,55,63,45,51,24,34,31,36,3,89,110,120,106,210,123,137,138,127,125,107,112,124,115,279,184,599,589,615,611,614,606,598,610,602,600,646,644,608,600]} 1. d4 d5 2. Nf3 Nf6 3. e3 c6 4. Bd3 g6 5. O-O Bg7 6. c4 O-O 7. Nc3 a6 8. e4 {D94: Grünfeld: 4 Nf3 Bg7 5 e3.} dxc4 (8... Nxe4 $11 9. Nxe4 dxe4 10. Bxe4 Nd7) 9. Bxc4 $14 Bg4 10. Be2 {White is slightly better.} Nbd7 11. e5 Ne8 12. h3 Be6 13. Ng5 Nc7 14. Nxe6 Nxe6 15. Be3 c5 16. d5 Nd4 $1 17. f4 g5 (17... f6 $11) 18. Bd3 $1 $16 (18. fxg5 $6 Nxe5 19. Qd2 Qd6 $11) (18. Bxd4 $6 cxd4 19. Qxd4 gxf4 $11) 18... gxf4 19. Bxf4 Qb6 (19... f5 $16) 20. Kh1 (20. Qh5 f5 $11) ({White should try} 20. d6 $1 $18 e6 21. Kh1 (21. Qh5 f5 $14)) 20... Nxe5 21. Bxe5 $40 {[%mdl 128] White has strong attack.} Bxe5 {[#]} 22. Bxh7+ $1 {[%mdl 576] Decoy} Kxh7 23. Qh5+ {[%mdl 64] Double Attack} Kg8 24. Qxe5 Rae8 $2 {This move loses the game for Black.} (24... Qd6 $16 {keeps fighting.} 25. Qxd6 (25. Qg5+ Qg6 $16) 25... exd6) 25. Rf3 Nxf3 $2 (25... Qh6) 26. gxf3 $18 {White is clearly winning.} Qh6 27. Rg1+ Kh7 28. Qf5+ Kh8 {[#] Strongly threatening ...Rg8.} 29. Rg5 $1 e6 30. dxe6 {[%mdl 64] Discovered Attack} fxe6 31. Qe5+ Qf6 {White must now prevent ...Qxe5.} 32. Rh5+ {Av CentiPawn Loss W=-12/B=-36. Weighted=-22/-46} 1-0

[Event "7th Uppsala Young Champions"]
[Site "Uppsala"]
[Date "2020.10.28"]
[Round "8.7"]
[White "Soderstrom, Adrian"]
[Black "Heimisson, Hilmir Freyr"]
[Result "1-0"]
[WhiteElo "2168"]
[BlackElo "2352"]
[Annotator "TA"]
[PlyCount "53"]
[EventDate "2020.10.23"]
[EventType "swiss"]
[EventCountry "SWE"]
[SourceTitle "playchess.com"]
[Source "ChessBase"]
[SourceQuality "1"]

{[%evp 9,53,41,47,40,56,70,73,45,29,34,74,15,161,162,180,147,246,253,250,248,257,243,237,216,214,199,245,233,342,333,804,794,827,797,5933,5391,29959,1493,1477,1450,2590,2332,2002,1952,1394,1381]} 1. c4 e5 2. Nc3 Nf6 3. Nf3 e4 4. Ng5 b5 5. d3 exd3 6. cxb5 {[#] A22: English Opening: 1...e5 2 Nc3 Nf6.} Bb4 $146 ({Predecessor:} 6... h6 7. Nf3 a6 8. b6 dxe2 9. Qxe2+ Be7 10. bxc7 Qxc7 11. Qc4 Qxc4 12. Bxc4 Bb7 13. Nd4 O-O {1-0 (50) Bernal Moro,L (2432)-Pena Gomez,M (2456) Caldas da Rainha 2014}) 7. Qxd3 O-O 8. Bd2 {White is better.} d5 9. a3 $40 {[%mdl 128] White is up to no good.} Ba5 10. g3 (10. b4 $16 Bb6 11. e3) 10... g6 {Black cannot hold the game after this.} (10... h6 $11 {and Black stays safe.}) 11. Bg2 $18 {[%cal Rc3d5]} Bf5 12. e4 Bxc3 (12... dxe4 $16 {was called for.} 13. Qxd8 Rxd8) 13. Bxc3 Nxe4 14. Nxe4 (14. Bxe4 dxe4 15. Qe3 Qd3 $14) 14... Bxe4 15. Qd4 {[%csl Gc3][%cal Rd4h8]} ({Don't play} 15. Bxe4 $6 dxe4 16. Qe3 (16. Qxe4 Re8 $17) 16... Qd3 $16) 15... f6 16. Bxe4 dxe4 {[#]} 17. Qc4+ $1 Kg7 18. Rd1 Qc8 (18... Nd7 $142 19. O-O Nb6 20. Qxe4 (20. Rxd8 Nxc4 21. Rxf8 Rxf8 $16) 20... Qe8) 19. O-O Qb7 $2 (19... Nd7 20. Rfe1 Nb6 21. Qxe4 Qf5 22. Qxf5 gxf5) 20. Rfe1 c6 21. Qxe4 Rf7 22. Rd6 Qc7 {[#]} 23. Qf4 (23. Rxf6 $142 $1 {[%mdl 512]} Rxf6 24. Bxf6+ Kxf6 25. Qh4+ Kg7 26. Re7+ Qxe7 27. Qxe7+ Kh6 28. Qf8+ Kh5 29. bxc6 Nxc6 30. Qxa8) 23... Nd7 {White is clearly winning.} 24. bxc6 Ne5 {[#]} 25. Rxf6 $1 {[%mdl 512]} Rxf6 26. Bxe5 {[%mdl 64] Pin} Qxc6 27. Rc1 {Av CentiPawn Loss W=-95/B=-145. Weighted=-125/-91} 1-0

[Event "7th Uppsala Young Champions"]
[Site "Uppsala"]
[Date "2020.10.28"]
[Round "8.8"]
[White "Muetsch, Annmarie"]
[Black "Nilsson, Joakim"]
[Result "1-0"]
[WhiteElo "2226"]
[BlackElo "2224"]
[Annotator "TA"]
[PlyCount "101"]
[EventDate "2020.10.23"]
[EventType "swiss"]
[EventCountry "SWE"]
[SourceTitle "playchess.com"]
[Source "ChessBase"]
[SourceQuality "1"]

{[%evp 11,101,30,28,20,27,6,13,4,18,11,11,21,27,27,19,8,20,0,0,-3,-2,-27,-16,0,-15,-12,0,-12,109,26,36,20,20,18,21,21,19,21,34,49,43,45,85,39,41,25,177,197,199,193,281,283,392,404,622,622,622,610,563,577,529,267,264,246,262,210,425,430,480,489,521,514,511,499,578,570,563,515,508,497,957,1023,999,985,1031,925,1043,1012,29989,29990,29990,2669]} 1. e4 c5 2. Nf3 Nc6 3. Bb5 g6 4. Bxc6 dxc6 5. d3 Bg7 6. h3 Nf6 7. a4 {[%cal Ba2a4,Ba4a5][%mdl 32] B31: Sicilian: 2...Nc6 3 Bb5 g6.} O-O 8. Na3 e5 9. Nc4 {The position is equal.} Nd7 10. a5 Qe7 11. O-O Re8 12. Be3 Nf8 13. Qd2 f6 14. Qc3 Ne6 15. Qa3 Bf8 16. Nfd2 Qf7 17. f4 exf4 18. Bxf4 {Hoping for Nd6.} Nd4 19. Qa4 Be6 (19... Ne2+ $1 $11 {remains equal.} 20. Kh1 Nxf4 21. Rxf4 Be6) 20. Kh1 (20. Nd6 $1 $16 {[%cal Rd6f7]} Bxd6 21. Bxd6) 20... Qd7 $11 21. Bh2 Be7 22. c3 Nb5 23. Rf3 Rf8 24. Raf1 $36 {[%mdl 2048] White has some pressure.} Rad8 25. Qd1 Qc8 26. Qe2 Rd7 27. Bg3 Qd8 28. Bh4 Kg7 $2 {Black cannot hold the game after this.} (28... Rf7 $11 {and Black is okay.}) 29. Ne5 $18 Rc7 {[#]} 30. Ng4 $1 Bxg4 (30... g5 $142) 31. hxg4 Rd7 32. e5 {And now exf6+ would win.} g5 (32... f5 $142 33. Bxe7 (33. gxf5 Bxh4 34. f6+ Bxf6 $18) 33... Qxe7 34. gxf5 gxf5 35. Rxf5 Rxf5 36. Rxf5 Rd6) 33. Bg3 Nc7 34. exf6+ Bxf6 35. Ne4 Nd5 36. c4 Nf4 37. Bxf4 gxf4 38. Nxc5 ({Less strong is} 38. Rxf4 Be5 $14) 38... Re7 $2 (38... Re8 39. Ne6+ Kg8) 39. Ne6+ Rxe6 40. Qxe6 Re8 41. Qf5 Bg5 42. g3 h6 43. gxf4 Rf8 44. Qe5+ Bf6 45. Qh5 {Black must now prevent g5!} Qe7 {[#]} (45... Qe8 $142 46. Qc5 Qe7 47. Qxa7 c5) 46. g5 $1 Bd4 (46... hxg5 47. fxg5) 47. Qxh6+ Kg8 48. Qg6+ Bg7 49. f5 {White wants to mate with f6!} Rf7 {[#]} 50. f6 $1 {[%mdl 64] Double Attack, Pin} Qe6 51. Qe4 {Av CentiPawn Loss W=-37/B=-60. Weighted=-60/-56} (51. Qh5 $142 Qe2 52. g6 Rxf6 53. Qh7+ Kf8 54. Rxf6+ Ke8 {[#]} 55. Rf8+ $1 {[%mdl 512]} Kd7 56. Qxg7+ Qe7 57. Qxe7+ Kxe7 58. R8f7+ Kd8 59. g7 Ke8 60. g8=Q#) 1-0

[Event "7th Uppsala Young Champions"]
[Site "Uppsala"]
[Date "2020.10.28"]
[Round "8.9"]
[White "Radeva, Viktoria"]
[Black "Nilssen, Ellen Fredericia"]
[Result "1/2-1/2"]
[WhiteElo "2263"]
[BlackElo "2209"]
[Annotator "TA"]
[PlyCount "70"]
[EventDate "2020.10.23"]
[EventType "swiss"]
[EventCountry "SWE"]
[SourceTitle "playchess.com"]
[Source "ChessBase"]
[SourceQuality "1"]

{[%evp 15,70,4,14,-4,-13,0,12,7,13,5,14,0,13,16,16,12,18,6,4,0,0,0,0,0,0,-28,0,0,0,0,0,-12,0,0,0,-6,0,0,0,0,5,0,0,-14,0,0,0,0,26,27,28,14,14,14,16,16,6]} 1. e4 e6 2. d4 d5 3. Nc3 Bb4 4. exd5 exd5 5. Bd3 Nc6 6. Nge2 Nge7 7. O-O Bg4 8. f3 Bf5 9. Bg5 {Threatens to win with Bxf5. C01: French: Exchange Variation.} Qd7 10. a3 Bd6 11. Nb5 O-O 12. Nxd6 Qxd6 13. Bf4 Qd7 14. Bb5 a6 15. Ba4 b5 16. Bb3 Na5 17. Ng3 Nc4 18. Qc1 Rfe8 19. c3 Bg6 20. Ba2 Nf5 21. Nxf5 Bxf5 22. b3 Nb6 23. Qd2 Re7 24. Rfe1 Rae8 25. Kf2 c6 26. Rxe7 Rxe7 27. Re1 a5 28. Rxe7 Qxe7 29. Qe3 Qxe3+ 30. Kxe3 $11 {[%mdl 4096] Endgame Hoping for Bc7. KBB-KBN} a4 31. Bc7 axb3 32. Bxb3 Nc4+ 33. Bxc4 dxc4 {The position is equal.} 34. d5 cxd5 35. Kd4 Bc2 {A rather calm draw. Av CentiPawn Loss W=-4/B=-4. Weighted=-4/-4} 1/2-1/2

[Event "7th Uppsala Young Champions"]
[Site "Uppsala"]
[Date "2020.10.28"]
[Round "8.10"]
[White "Frank, Adam"]
[Black "Carlsson, Ludvig"]
[Result "1/2-1/2"]
[WhiteElo "2129"]
[BlackElo "2281"]
[Annotator "TA"]
[PlyCount "198"]
[EventDate "2020.10.23"]
[EventType "swiss"]
[EventCountry "SWE"]
[SourceTitle "playchess.com"]
[Source "ChessBase"]
[SourceQuality "1"]

{[%evp 24,197,8,3,10,0,-9,-17,14,0,0,-30,-39,-12,-18,-51,-35,-37,-43,-52,-63,-60,-63,-70,0,-40,-45,-52,-7,-13,-8,-35,-50,-131,-61,-28,-64,-53,0,0,34,-60,-65,-158,-52,-123,-137,-112,0,-41,-84,-58,-44,-43,0,-55,-58,-49,-56,-89,-67,-134,-136,-102,-93,-78,-21,-23,0,-39,0,0,0,-8,-8,-8,0,-28,-26,-49,198,-27,-8,-24,-8,-8,0,0,0,0,0,0,0,-153,-31,-114,0,0,-1,-4,0,0,0,0,0,0,0,0,0,-1,0,0,0,0,0,0,0,0,0,0,0,0,0,0,0,0,0,0,0,0,0,0,0,0,0,0,0,0,0,0,0,0,0,0,0,0,0,0,0,0,0,0,0,0,0,0,0,0,0,0,0,0,0,0,0,0,0,0,0,0,0,0,0,0,0,0]} 1. e4 c6 2. d4 d5 3. Nd2 dxe4 4. Nxe4 Bf5 5. Ng3 Bg6 6. h4 h6 7. Nf3 Nd7 8. h5 Bh7 9. Bd3 Bxd3 10. Qxd3 e6 11. Bd2 Ngf6 12. O-O-O Be7 13. Kb1 Qb6 {B19: Classical Caro-Kann: 4...Bf5 main line.} 14. Rhe1 O-O 15. Nf5 Bb4 16. Bxb4 Qxb4 17. c3 Qa5 18. Nd6 Qc7 19. Ne4 Nxh5 20. g4 Nf4 21. Qd2 f6 $1 22. Ng3 Rfe8 23. Re4 Nd5 ({Better is} 23... Ng6 $1 $15) 24. Rde1 (24. c4 $5 {[%cal Rc4d5]}) 24... Nf8 25. Nh4 Red8 26. c4 Nb6 27. c5 Nd5 28. Nh5 (28. f4 $1 $15) 28... b6 (28... Qf7 $17 29. Nf3 b6) 29. f4 $1 $15 bxc5 30. f5 $1 {[%cal Rf5e6] [#]} e5 $1 31. dxe5 $11 fxe5 32. Rxe5 (32. f6 $14 Nxf6 33. Nxf6+ gxf6 34. Qxh6) 32... Qf7 $1 $15 33. Qa5 {[#]} (33. Qe2 $1 $15) 33... Re8 (33... Nb4 $1 $17 34. Nf3 Nd3) 34. a3 (34. Qxc5 $15 Rxe5 35. Rxe5) 34... Rxe5 $17 35. Rxe5 Nf6 (35... Rb8 $17 36. Ng2 Rb7) 36. Qxc5 {Hoping for Re7.} Nxg4 37. Re4 Qxh5 38. Qc4+ Qf7 (38... Kh7 {feels hotter.} 39. Rxg4 Re8 40. Ka2 Nd7 41. Rg6 Re7) 39. Rxg4 (39. Qxc6 $11 Rd8 40. Rxg4) 39... Qxc4 $15 40. Rxc4 $11 {[%mdl 4096] Endgame KRN-KRN} Rc8 41. Ng6 Kf7 42. Ne5+ (42. Nf4 $15) 42... Kf6 $17 43. Nxc6 a6 44. b4 Nd7 (44... h5 $17 {...Nd7 is the strong threat.} 45. a4 Nd7) 45. Rg4 $1 $11 Nf8 46. Nd4 g5 (46... h5 $5 {[%cal Rh5g4]} 47. Rh4 Kg5 $15) 47. fxg6 $1 Nxg6 48. Kb2 h5 49. Rg1 h4 50. Kb3 h3 51. a4 Rd8 $2 (51... Rh8 $15 {keeps the upper hand.}) 52. Kc3 $2 (52. Rf1+ $18 Nf4 53. Ne2 (53. Rxf4+ Ke5 $16)) 52... Nf4 53. Rh1 Rh8 {aiming for ...Nd5+.} 54. b5 a5 55. Kc4 Ke5 56. Re1+ Kd6 57. Nf5+ Kc7 58. Ng3 $2 ({White should try} 58. Re7+ $1 $11 Kc8 59. Nd6+ Kb8 60. Rb7+ Ka8 61. b6) 58... Rg8 (58... Rh4 $17 {And now ...Ne2+ would win.} 59. Re4 h2) 59. Nh1 (59. Re7+ $15 Kb6 60. Re4) 59... h2 ({Black should play} 59... Rg4 $17 {Threatens to win with ...Ng2+.} 60. Nf2 Rg2 61. Nxh3 Nxh3) 60. Re7+ $1 {The position is equal.} Kd6 61. Rh7 Rg4 (61... Rg2 {with more complications.} 62. b6 Rb2 63. b7 Kc6 64. Nf2 Rb4+) 62. Rxh2 {White wants to play Nf2.} Ne6+ 63. Kc3 Rxa4 64. Nf2 Ra3+ 65. Kc4 Ra4+ 66. Kc3 Nf4 67. Rh6+ Kc5 (67... Kd7 {is more complex.} 68. Rh7+ Kd8 69. Rf7 Rb4 70. Rf5 Ne2+) 68. Nd3+ Nxd3 69. Kxd3 Kxb5 {KR-KR} 70. Kc3 Rb4 71. Rh8 Ka4 72. Ra8 Rb7 73. Ra6 Rb8 74. Ra7 Rb5 75. Kc2 Ka3 76. Ra8 Ka2 77. Rc8 a4 78. Rc7 (78. Kc3 {feels hotter.} Rb3+ 79. Kc4 Rf3 80. Rg8 Rf4+ 81. Kb5) 78... a3 79. Rc8 Ka1 80. Rc7 (80. Ra8 {seems wilder.} a2 81. Re8 Rb1 82. Re6 Rf1 83. Re8) 80... Rb2+ 81. Kc1 Rh2 82. Ra7 Ka2 (82... a2 {is interesting.} 83. Ra8 Rh7 84. Rc8 Rh1+ 85. Kc2 Rh2+) 83. Rb7 Rg2 84. Rb8 Rf2 85. Rb7 Rb2 86. Rc7 Rb8 87. Kc2 Rh8 88. Rc6 Rh2+ 89. Kc1 $1 Kb3 90. Rb6+ $1 Kc3 {[%cal Rh2h1]} (90... Kc4 $5 91. Kb1 $8 Rd2 $11) 91. Rc6+ Kb3 {White must now prevent ...Rh1+.} (91... Kd4 $5 92. Kb1 $8 Rh7 $11) 92. Rb6+ $1 Kc3 {[%cal Rh2h1]} (92... Kc4 $5 93. Kb1 $8 Re2 $11) 93. Rc6+ Kb4 {Strongly threatening ...Rh1+.} (93... Kd4 $5 94. Kb1 $8 Rh8 $11) 94. Kb1 Rh1+ 95. Ka2 Rh2+ 96. Ka1 Rb2 97. Rb6+ Kc3 98. Rxb2 axb2+ 99. Kb1 Kb3 {Av CentiPawn Loss W=1156/B=-58. Weighted=720/-63} 1/2-1/2

[Event "7th Uppsala Young Champions"]
[Site "Uppsala"]
[Date "2020.10.28"]
[Round "8.11"]
[White "Wernberg, Hugo"]
[Black "Rozman, Monika"]
[Result "1/2-1/2"]
[WhiteElo "2211"]
[BlackElo "2129"]
[Annotator "TA"]
[PlyCount "112"]
[EventDate "2020.10.23"]
[EventType "swiss"]
[EventCountry "SWE"]
[SourceTitle "playchess.com"]
[Source "ChessBase"]
[SourceQuality "1"]

{[%evp 11,112,14,22,10,17,13,27,-6,11,-14,8,-91,-10,-86,12,-18,0,-5,29,-30,-23,-16,-11,-119,-91,-100,-86,-77,-72,-68,-59,-66,-72,-175,-177,-166,-167,-153,-152,-244,-247,-241,-236,-229,-225,-202,-150,-179,-195,-192,-144,-125,-139,-193,-165,-181,-193,-522,-370,-564,-562,-479,-189,-140,-151,-179,-127,-110,-90,-110,-85,-256,-72,-215,-219,-282,-13,-383,-380,-306,-195,-564,-553,-487,-297,-257,-264,-646,-494,-494,-494,-449,0,0,0,0,0,0,0,0,0,0,0]} 1. c4 e5 2. g3 d6 3. Bg2 g6 4. Nc3 Bg7 5. e3 Ne7 6. Nge2 O-O 7. d3 {A21: English Opening: 1...e5 2 Nc3.} c6 8. O-O Be6 9. Bd2 {White has an edge.} Nd7 10. b4 f5 11. Qb3 {[#]} (11. Rb1 $11 {keeps the balance.}) 11... g5 ({Better is} 11... b5 $1 $17 {[%mdl 512]} 12. Qa3 (12. cxb5 Bxb3) 12... bxc4) 12. f4 {[#]} (12. Qc2 $11) 12... Ng6 (12... b5 $1 $17 {[%mdl 512] aiming for ...gxf4.} 13. fxg5 (13. cxb5 Bxb3) 13... bxc4 14. dxc4 Nb6) 13. Rab1 a6 14. Qc2 Kh8 15. b5 (15. a4 $142) 15... axb5 $11 16. cxb5 d5 17. d4 (17. fxg5 $11 {remains equal.} Qxg5 18. bxc6 bxc6 19. a4) 17... gxf4 $1 $17 18. gxf4 e4 19. Na4 Nf6 20. bxc6 bxc6 21. Nc5 Bc8 22. Nc3 (22. Be1 $17) 22... Rg8 23. Be1 Ng4 $1 {[%cal Rg4e3]} 24. Qe2 Nh4 25. Bxh4 (25. Bg3 $17 {is a better defense.}) 25... Qxh4 $19 {[%csl Gg4][%cal Rh4h2]} 26. h3 Nf6 $1 27. Qf2 Qh6 $1 28. Rb6 Bd7 29. Rb7 {[#]} Be8 $1 30. Ne6 Ng4 31. hxg4 {Hoping for Nc7.} Qxe6 32. Qh4 (32. g5 $17) 32... Ra3 33. gxf5 Qxf5 34. Nd1 $2 (34. Rc1) 34... Rxa2 35. Bh3 (35. Rf2 {was forced.} Ra1 36. Rf1) 35... Bf6+ 36. Kh1 Bxh4 $2 (36... Qg6 37. f5 Qf7 38. Rxf7 Bxh4) 37. Bxf5 {[%csl Gf5][%cal Rb7h7]} Bg6 $40 {[%mdl 128] Black wants a kill.} 38. Be6 {[#]} Rf8 (38... Rga8 $1 $19 39. Nb2 R8a7 40. Rxa7 Rxa7) 39. Rg1 Bf6 40. Nb2 Rfa8 41. Rg3 $2 (41. Kh2 $17 {keeps fighting.}) 41... Re8 $2 (41... Ra1+ $19 {and Black stays clearly on top.} 42. Kg2 Rc1) 42. f5 (42. Bd7 $17 {might work better.} Rd8 43. Bg4) 42... Bh5 43. Rh3 Re7 $2 (43... Bf3+ $19 44. Kg1 h5) 44. Rg3 $2 {[%mdl 8192]} (44. Rb8+ $11 Be8 45. Rg3) 44... Ra8 ({Weaker is} 44... Ra1+ 45. Kh2 $15) 45. Rb6 {Now Kh2 and White clings on.} Rg7 46. Rxg7 $2 (46. Kh2 {was the crucial defense.} Rxg3 47. Kxg3) 46... Kxg7 47. Rxc6 Ra3 48. Bxd5 Rxe3 49. Re6 $2 (49. Nc4 Re1+ 50. Kg2 Bxd4 51. f6+ Bxf6 52. Re6) 49... Bf3+ 50. Kh2 Re2+ {[%mdl 64] Double Attack} 51. Kg3 {intending Nc4.} Bxd4 $2 ({Resist} 51... Rxb2 52. Kf4 $19) (51... Rg2+ $19 52. Kh3 Rxb2 53. Bxe4 Bh5) 52. Nc4 $11 {The position is equal.} Rg2+ 53. Kh3 $1 Bf2 {( -> ...Rg1)} 54. Bxe4 Rg3+ 55. Kh2 Rg2+ 56. Kh3 Rg3+ {Av CentiPawn Loss W=-49/B=-46. Weighted=-75/-62} 1/2-1/2

[Event "7th Uppsala Young Champions"]
[Site "Uppsala"]
[Date "2020.10.28"]
[Round "8.12"]
[White "Rasti, Arvin"]
[Black "Mica, Marek"]
[Result "0-1"]
[WhiteElo "2201"]
[BlackElo "2294"]
[Annotator "TA"]
[PlyCount "100"]
[EventDate "2020.10.23"]
[EventType "swiss"]
[EventCountry "SWE"]
[SourceTitle "playchess.com"]
[Source "ChessBase"]
[SourceQuality "1"]

{[%evp 27,99,8,33,14,30,43,21,32,130,137,126,120,109,29,23,0,0,-10,-7,-18,0,0,0,-30,19,23,19,-37,7,0,0,0,0,-6,13,-30,0,-23,-24,-39,-48,-59,-20,-335,-334,-311,-287,-590,-585,-619,-619,-566,-447,-696,-687,-882,-858,-845,-821,-711,-215,-223,-162,-1070,-1044,-29981,-29982,-29989,-29990,-29993,-29993,-29993,-29994,-29999]} 1. d4 Nf6 2. c4 c5 3. d5 e6 4. Nc3 exd5 5. cxd5 d6 6. e4 g6 7. f4 Bg7 8. Bb5+ Nfd7 9. a4 O-O 10. Nf3 Na6 11. O-O Nb4 12. Re1 a6 13. Bf1 Re8 14. h3 b6 15. Be3 {A67: Modern Benoni: Taimanov Variation.} f5 16. Bf2 fxe4 17. Nxe4 {The position is equal.} Rxe4 (17... Nf6 $1 $14 18. Bh4 Rf8) 18. Rxe4 $16 Nf6 19. Rxb4 cxb4 20. Nd4 (20. Ng5 $16) 20... Ne4 $11 21. Be3 Nc5 22. Nc6 Qf8 23. Nxb4 Bd7 24. Nc6 {With the idea b4.} Re8 25. Bc1 Re4 26. Ra3 {aiming for b4.} a5 27. Re3 (27. Bd3 $11 Nxd3 28. Rxd3) 27... Rxf4 28. Re7 Rf7 29. Re1 Bf6 $36 {[%mdl 2048] Black is more active.} 30. g3 Qc8 31. Bf4 Qf8 32. Bg2 Bxb2 33. Qb1 Nxa4 34. Re6 Ba3 ({Much worse is} 34... Bxe6 $6 35. dxe6 Rxf4 36. e7 $14) 35. Qb3 $2 {[%mdl 8192] White does not recover from this.} (35. Qa1 $1 $11 {and White has nothing to worry.} Bc5+ 36. Kh2) 35... Bc5+ $19 36. Kh1 {[#]} g5 $1 {[%cal Rg5f4]} 37. Qxa4 $2 (37. Be3 {nothing else works.}) 37... gxf4 38. gxf4 Rxf4 {( -> ...Rf1+!)} (38... Bxe6 $2 39. dxe6 Rxf4 40. Qd1 $19) 39. Qa1 Rf7 40. Qe1 (40. Re1 $142) 40... a4 {[%cal Ba5a4,Ba4a3][%mdl 32]} 41. Ne7+ Kh8 42. Nc6 a3 43. Re2 {[#]} Qg7 $2 (43... Rf3 $1 44. Qa1+ (44. Bxf3 Qxf3+) 44... Qf6) 44. Nd8 Rf8 45. Nc6 $2 (45. Ne6 Bxe6 46. dxe6) 45... Ra8 46. Qb1 Re8 {Black mates.} 47. Be4 {[#]} Bf5 $1 {[%mdl 576] Pin} 48. Nb4 (48. Bxf5 Rxe2) 48... Bxe4+ {[%mdl 64] Overworked Piece} 49. Rxe4 Rxe4 50. Qxe4 Qg1# {Av CentiPawn Loss W=-89/B=-56. Weighted=-117/-31} 0-1